[Event "CAN-ch U12 Girls"]
[Site "Windsor"]
[Date "2015.07.07"]
[Round "3.89"]
[White "Hupponen, Olivia"]
[Black "Hadcock, Faith"]
[Result "1-0"]
[WhiteElo "1076"]
[BlackElo "1045"]
[PlyCount "33"]
[EventDate "2015.07.06"]
[EventType "swiss"]
[EventRounds "7"]
[EventCountry "CAN"]
[SourceTitle "EXT 2022"]
[Source "ChessBase"]
[SourceDate "2021.10.06"]
[SourceVersion "1"]
[SourceVersionDate "2021.10.06"]
[SourceQuality "1"]

1. e4 a5 2. b3 Nc6 3. Na3 Ra6 4. c3 f6 5. Bxa6 bxa6 6. Nb5 axb5 7. b4 axb4 8. cxb4 Nxb4 9. Qh5+ g6 10. Qg4 Nh6 11. Qe2 Bb7 12. Ba3 Nc2+ 13. Kf1 Bc6 14. Re1 Nxa3 15. Nh3 f5 16. Nf4 g5 17. Qh5+ 1-0